| Registos Bibliográficos associados ao registo de autoridade |
|
Etiqueta de registo: 00000nam 2200025 450 001 2034241 003 http://id.bnportugal.gov.pt/bib/catbnp/2034241 100 ## $a20191121d2009 m d0pory01030103ba 101 0# $apor 102 ## $aPT 105 ## $aa b 000yy 106 ## $ar 200 1# $aMiopia$ffot. Arlindo Pinto$gdir., coord. Eduardo Nascimento$gpref. António Moreira 210 #9 $aAmadora$cCâmara Municipal da Amadora,$d2009 215 ## $a[12] p.$cil.$d30 cm 675 ## $a77Pinto, Arlindo(083.82)$vBN$zpor$31770756 675 ## $a77.04(=1:469)"20"(083.82)$vBN$zpor$31493140 675 ## $a061.4$vBN$zpor$3288771 700 #1 $aPinto,$bArlindo$31769009 702 #1 $aNascimento,$bEduardo,$f1954-$4300$3971309 702 #1 $aMoreira,$bAntónio,$f1953-$4080$31225808 801 #0 $aPT$bBN$gRPC 856 41 $uhttp://rnod.bnportugal.gov.pt/ImagesBN/winlibimg.aspx?skey=&doc=2034241&img=133082&save=true 900 ## $aBIBNAC$d20191219 966 ## $lBN$mFGMON$sB.A. 44954 V.$x1
Etiqueta de registo: 00000nam 2200025 450 001 2042571 003 http://id.bnportugal.gov.pt/bib/catbnp/2042571 010 ## $a978-989-99329-1-3 021 ## $aPT$b462777/19 100 ## $a20200309d2019 m y0pory01030103ba 101 1# $aeng$apor 102 ## $aPT 105 ## $aa z 000yy 106 ## $ar 200 1# $aNorwegian sky 9$fArlindo Pinto$gtexts Fernando Sobral, Arlindo Pinto$gtransl. Magda Fernandes 205 ## $a1st ed 210 #9 $aLisbon$cHugglybooks,$d2019 215 ## $a100 p.$cil.$d25 cm 305 ## $aEd. bilingue em português e jnglês 675 ## $a77Pinto, Arlindo(083.82)$vBN$zpor$31770756 675 ## $a77.04(=1:469)"20"(083.82)$vBN$zpor$31493140 675 ## $a061.4$vBN$zpor$3288771 700 #1 $aPinto,$bArlindo$31769009 701 #1 $aSobral,$bFernando,$f1960-2022$4070$3826597 702 #1 $aFernandes,$bMagda$4730$31779153 801 #0 $aPT$bBN$gRPC 856 41 $uhttp://rnod.bnportugal.gov.pt/ImagesBN/winlibimg.aspx?skey=&doc=2042571&img=137614&save=true 900 ## $aBIBNAC$d20200525 966 ## $lBN$mFGMON$sB.A. 45158 V.$x1
Etiqueta de registo: 00254nam 2200025 450 001 2239667 003 http://id.bnportugal.gov.pt/bib/catbnp/2239667 010 ## $z978-989-955-68 021 ## $aPT$b552746/25 100 ## $a20251218d2025 m y0pory01030103ba 101 0# $apor 102 ## $aPT 105 ## $aa z 000yy 106 ## $ar 200 1# $aCorpo em cadeia$epráticas, além do bem e do mal$fCatarina Câmara$gfot. Arlindo Pinto... [et al.] 210 #9 $aLisboa$cFundação Calouste Gulbenkian,$d2025 215 ## $a366 p.$cil.$d24 cm 606 ## $aIntegração social$2SIPOR$375436 606 ## $aDança contemporânea$2SIPOR$323657 675 ## $a792.8(469)"2019/2022"$vBN$zpor$31979639 675 ## $a316.4-058.7(469)"2019/2022"$vBN$zpor$31979640 675 ## $a343.81(469.411)"2019/2022"$vBN$zpor$31979634 675 ## $a159.9.019$vBN$zpor$3461455 700 #1 $aCâmara,$bCatarina$31533914 702 #1 $aPinto,$bArlindo$4600$31769009 801 #0 $aPT$bBN$gRPC 856 41 $uhttp://rnod.bnportugal.gov.pt/ImagesBN/winlibimg.aspx?skey=&doc=2239667&img=217972&save=true 900 ## $aBIBNAC$d20260128 966 ## $lBN$mFGMON$sB.A. 53149 V.$x1 966 ## $lBN$mFGMON$sB.A. 53149 V.-D$x1 971 ## $cjbeatriz$d20251218 972 ## $e0$z0$d20260128$vasantos 973 ## $csteixeira$d20260119
|
|
|